|
|
|
|
| LEADER |
00000nab#a22000007a#4500 |
| 001 |
arbauad026811 |
| 003 |
AR-BaUAD |
| 005 |
20250711112215.0 |
| 008 |
970514|||||||||###||||||b###|0###a|spa|| |
| 040 |
|
|
|a AR-BaUAD
|c AR-BaUAD
|b spa
|
| 245 |
1 |
0 |
|a Angkor a Paris
|
| 300 |
0 |
|
|b il.
|
| 653 |
|
|
|a EXPOSICIONES
|
| 653 |
|
|
|a PARIS
|
| 653 |
|
|
|a FRANCIA
|
| 653 |
|
|
|a ANGKOR
|
| 653 |
|
|
|a CAMBOYA
|
| 653 |
|
|
|a KAMPUCHEA
|
| 653 |
|
|
|a ARTE
|
| 653 |
|
|
|a CONSERVACION
|
| 653 |
|
|
|a KAMPUCHEA
|
| 653 |
|
|
|a ARTE PRIMITIVO ASIATICO
|
| 653 |
|
|
|a HISTORIA
|
| 653 |
|
|
|a KHMER
|
| 653 |
|
|
|a ARQUITECTURA
|
| 653 |
|
|
|a ESCULTURA
|
| 653 |
|
|
|a TEMPLOS
|
| 773 |
0 |
|
|t CONNAISSANCE DES ARTS
|g Nº536 [feb. 1997], p. 26-41
|
| 942 |
|
|
|c ARTI
|
| 952 |
|
|
|0 0
|1 0
|4 0
|7 0
|9 71730
|a AR-BAuAD
|b AR-BAuAD
|d 2025-07-11
|l 0
|p AAQA026811
|r 2025-07-11 11:22:15
|w 2025-07-11
|y ARTI
|
| 990 |
|
|
|a A199
|b TD
|
| 998 |
|
|
|a AAQ
|b BIBUN76
|
| 999 |
|
|
|c 51403
|d 51403
|